000 00446nab a2200145Ia 4500
003 ES-SlBCS
005 20210601134859.0
008 140529s1963 xxu||||| |||| 00| 0 spa d
041 _aspa
100 1 _aMarshall, John
_9132606
245 0 0 _aLos católicos y la regulación de la natalidad
_c John Marshall
650 0 4 _aRegulación de Natalidad-Católicos
_9224609
773 0 _tArbor
_gvol. 56, nº. 216, 1963, págs. 57-72
_wRev54
942 _cAR
999 _c619407
_d619407